| 000 | 00521nam a22001937a 4500 | ||
|---|---|---|---|
| 003 | KOHA_MİRAKIL | ||
| 005 | 20250930144538.0 | ||
| 008 | 250930b tu ||||| |||| 00| 0 tur d | ||
| 020 | _a9786055513788 | ||
| 040 |
_aTR-AnABB _btur _cTR-AnABB |
||
| 041 | _atur | ||
| 082 |
_a813.42 _bTAY 2014 |
||
| 100 | 1 | _aTayman, M. Enis, | |
| 245 | 1 | 0 |
_aŞans / _cM. Enis Tayman, |
| 260 |
_aAnkara : _bNota Bene Yayınları, _c2014 |
||
| 300 |
_a375 sayfa ; _c20 cm |
||
| 650 | 0 | 4 | _aTürk edebiyatı, roman |
| 942 |
_2ddc _cBK |
||
| 999 |
_c8981 _d8981 |
||
| 900 | _bGizem YORULMAZ | ||